| 000 | 00875 a2200229 4500 | ||
|---|---|---|---|
| 003 | Nust | ||
| 005 | 20230329113847.0 | ||
| 010 | _a 2009944006 | ||
| 020 | _a0538682965 | ||
| 020 | _a9780538450485 | ||
| 035 | _a(OCoLC)ocn587825197 | ||
| 040 | _cNust | ||
| 082 | 0 | 4 | _a808.0666,WOR |
| 100 | 1 |
_aSmith-Worthington, Darlene. _9111540 |
|
| 245 | 1 | 0 |
_aTechnical writing for success : _ba school-to-work-approach / _cDarlene Smith-Worthington, Sue Mehlich. |
| 260 |
_aMason, OH : _bSouth-Western, Cengage Learning, _cc1997. |
||
| 300 |
_axi, 400 p. : _bcol. ill. ; _c29 cm. |
||
| 505 | _aBackground (Page-1), Brief Communications (Page-31), Informative Reports (Page-141), Analytical and Persuasive Reports (Page-203), Researched Reports (Page-269), Technical Reading (Page-365). | ||
| 650 | 0 | _aTechnical writing | |
| 700 | 1 |
_aJefferson, Sue. _9111541 |
|
| 942 |
_2ddc _cBK |
||
| 999 |
_c188898 _d188898 |
||